Čína plánuje další megalomanské dopravní projekty

Plánovanie ďalšej obchodnej a dopravnej infraštruktúry v Číne. Prvá zóna voľného obchodu v Šanghaji otvorená v r. 2013. Investície do letectva. Výstavba tzv. aeromiest. Žlezničné spojenie do Ruska a do Európy. Poľská a maďarská dohoda. Výstavba železničnej trate pod Mount Everestom. Veľkolepé projek...

Descrizione completa

Salvato in:
Dettagli Bibliografici
Autore principale: Novotný, Radek
Natura: Capitolo di libro
Lingua:ceco
Soggetti:
Tags: Aggiungi Tag
Nessun Tag, puoi essere il primo ad aggiungerne!!

MARC

LEADER 00000naa a2200000 4500
001 0205817
005 20231211081223.1
041 0 |a cze 
044 |a CZ 
245 1 0 |a Čína plánuje další megalomanské dopravní projekty  |c Radek Novotný 
520 |a Plánovanie ďalšej obchodnej a dopravnej infraštruktúry v Číne. Prvá zóna voľného obchodu v Šanghaji otvorená v r. 2013. Investície do letectva. Výstavba tzv. aeromiest. Žlezničné spojenie do Ruska a do Európy. Poľská a maďarská dohoda. Výstavba železničnej trate pod Mount Everestom. Veľkolepé projekty v Južnej Amerike. Vlaky cez Amazóniu. Investície do výstavby ciest, železníc, letísk, bytov a skladov v Číne. Dlhy - hlavné riziko ďalšieho rozvoja čínskej ekonomiky. 
610 2 0 |a projekty investičné 
610 2 0 |a investície 
610 2 0 |a doprava železničná 
610 2 0 |a doprava letecká 
610 2 0 |a infraštruktúra dopravná 
610 2 0 |a Čína 
100 1 |a Novotný, Radek